000 00689nam a2200289Ia 4500
005 20260324125924.0
008 008 260324s9999 xx 000 0 eng d
020 _a9780203895122
037 _aEBOOK
040 _aCRL
040 _beng
040 _cCRL
041 _2eng
041 _aeng
084 _qCRL
100 _aDonald H. Parkerson; Jo Ann Parkerson
_91179841
245 4 _aThe American Teacher
245 0 _bFoundations of Education
260 _bTaylor and Francis
260 _c2008
365 _a
365 _b80.99
856 _uhttp://www.taylorfrancis.com/books/9780203895122
942 _cEBOOK
999 _c1775515
_d1775515